Multiple Choice City Quiz – Ljubljana - Statistics

General Stats
  • This quiz has been taken 24 times
  • The average score is 4 of 10
Answer Stats
Question Answer % Correct
Where in Slovenia is Ljubljana located? Center
86%
What is the symbol of Ljubljana? Ljubljana Dragon
86%
Who attracted the largest crowd ever assembled in Ljubljana? Pope John Paul II
68%
In Roman times, which city occupied the area of present-day Ljubljana? Emona
64%
Which of the following notable people was not born in Ljubljana? Anton Aškerc
32%
By what nickname is the Ljubljanica River also known? River of Seven Names
32%
Which is the tallest building in Ljubljana? Crystal Palace
27%
What was Friškovec area known for? Public executions
27%
Who sang a popular song "Ljubljančanke" at the Slovenian Song Festival 1972? Janko Ropret
18%
Slovenia played its inaugural football match at Stožice Stadium against... Australia
5%
No matching quizzes found
Score Distribution
Percent of People with Each Score
Percentile by Number Answered
Your Score History
You have not taken this quiz